De marginales y desocupados: apuntes para una nueva discusión sobre las poblaciones excedentarias a partir de los conceptos de masa marginal y empleabilidad /
El artículo habla de la importancia de tratar el tema de la marginalidad social a través de su relación con nociones de masa marginal y empleabilidad. Esto pues desde su introducción en el debate de ideas en América Latina, la noción de marginalidad social ha sufrido cambios significativos. En su or...
Salvato in:
| Autore principale: | |
|---|---|
| Natura: | testo |
| Soggetti: | |
| Tags: |
Aggiungi Tag
Nessun Tag, puoi essere il primo ad aggiungerne!!
|
MARC
| LEADER | 00000 a a2200000 04500 | ||
|---|---|---|---|
| 001 | 10773 | ||
| 003 | |||
| 040 | |||
| 100 | |a Bogani, Esteban | ||
| 245 | |a De marginales y desocupados: |b apuntes para una nueva discusión sobre las poblaciones excedentarias a partir de los conceptos de masa marginal y empleabilidad / |c Esteban Bogani | ||
| 500 | |a Resumen también en inglés en páginas 172 | ||
| 520 | |a El artículo habla de la importancia de tratar el tema de la marginalidad social a través de su relación con nociones de masa marginal y empleabilidad. Esto pues desde su introducción en el debate de ideas en América Latina, la noción de marginalidad social ha sufrido cambios significativos. En su origen tuvo un marcado sesgo psicológico y cultural. Marginalidad fue, suscesivamente, sinónimo de comportamiento problemático, minorías étnicas o sexuales, cultura de la pobreza. Así, cada cambio trajo consigo adscripciones divergentes y posturas políticas que han tenido consecuencias de peso en la concepción y el desarrollo de las políticas sociales | ||
| 650 | |a MARGINALIDAD | ||
| 650 | |a EMPLEO | ||
| 650 | |a SISTEMA SOCIAL | ||
| 773 | |g número 197; páginas 41-53 | ||
| 999 | |c 35093 |d 35093 | ||
